书目信息 |
| 题名: |
Gas Technology
|
|
| 作者: | 同济大学热能系燃气教研室专业外语编写组 | |
| 分册: | ||
| 出版信息: | 北京 1998.09 |
|
| 页数: | 171页 | |
| 开本: | 16开 | |
| 丛书名: | ||
| 单 册: | ||
| 中图分类: | TU996.6:H | |
| 科图分类: | ||
| 主题词: | ||
| 电子资源: | ||
| ISBN: | 7-112-02789-6 | |
| 000 | 00746nam0 2200193 45 | |
| 001 | 1533532072 | |
| 005 | 20150427092126.34 | |
| 010 | @a7-112-02789-6@d27.00元 | |
| 100 | @a19990804d1998 km y0chiy0120 ea | |
| 101 | 0 | @achi |
| 200 | 1 | @e燃气专业英语@Ftong ji da xue re neng xi ran qi jiao yan shi zhuan ye wai yu bian xie zu@aGas Technology@f同济大学热能系燃气教研室专业外语编写组 |
| 205 | @a2版 | |
| 210 | @a北京@d1998.09 | |
| 215 | @a171页@c无图表@d16开 | |
| 517 | 1 | @a燃气专业英语@Aran qi zhuan ye ying yu |
| 690 | @aTU996.6:H@v4 | |
| 701 | 0 | @a同济大学热能系燃气教研室专业外语编写组@Atong ji da xue re neng xi ran qi jiao yan shi zhuan ye wai yu bian xie zu |
| 801 | 0 | @aCN@b大连网信软件有限公司图书馆·11@c20150427 |
| 905 | @dTU996.6:H@eT822@f2 | |
| 燃气专业英语;Gas Technology/同济大学热能系燃气教研室专业外语编写组.-2版.-北京,1998.09 |
| 171页:无图表;16开 |
| ISBN 7-112-02789-6:27.00元 |
| ● |
| 相关链接 |
|
|
|
正题名:Gas Technology
索取号:TU996.6:H/T822
 
预约/预借
| 序号 | 登录号 | 条形码 | 馆藏地/架位号 | 状态 | 备注 |
| 1 | 496600 | 204966000 | 能源与建筑环境工程学院资料室/ [索取号:TU996.6:H/T822] | 在馆 |